000 00441cam a2200169ua 4500
041 _aeng
_h
082 _a425
_bJES/MO
100 _aJespersen, Otto .
245 _aModern English grammar on historical principles /
_cOtto Jesperson.
_hTextual Documents
250 _a1 /
_b.
260 _aLondon :
_bGeorge Allen & Unwin Ltd ,
_c1956.
300 _a415 ; .
504 _a
942 _cBK
999 _c8653
_d8653